000 01377cam0 2200325 ib4500
001 BY-HO0027-br31328
005 20250916142137.0
010 ^d3,60
100 ^a20250902d2024 b y0rusy50 ca
101 0 ^arus
102 ^aRU
105 ^aa z 000oy
109 ^ama
200 1 ^aСказка о рыбаке и рыбке
^e[для дошкольного возраста
^eдля чтения взрослыми детям]
^fАлександр Пушкин
^g[художник Евгения Иванеева]
210 ^aРостов-на-Дону
^cПроф-Пресс
^d2024
215 ^a[10] с. включая обложку
^cцв. ил.
^d22 см
333 ^a0+
345 ^926 000 экз.
608 ^3BY-NLB-ar16440
^aЛИТЕРАТУРНАЯ СКАЗКА
^2BYGNR
608 ^3BY-NLB-ar9019
^aДЕТСКАЯ И ЮНОШЕСКАЯ ЛИТЕРАТУРА (художеств. произведение)
^2BYGNR
686 ^a84(2=Рус)1
^2rubbk
690 ^a1
^2Base
^9BY-HO0027
^xRSEK
700 1 ^3BY-NLB-ar130495
^aПушкин
^bА. С.
^gАлександр Сергеевич
^cписатель
^f1799—1837
^4070
702 1 ^aИванеева
^bЕ
^gЕвгения
^4040
801 0 ^aBY
^bBY-HO0027
^c20250910
^gRCR
035 ^a(BY-HO0027)BY-HO0027-br31328
899 0 ^aBY-HO0027
^iП 91